000 00668nam a2200265Ia 4500
003 OSt
005 20221007110920.0
006 a|||||r|||| 00| 0
007 ta
008 221006b |||||||| |||| 00| 0 eng d
024 _a22,133
037 _cTextual
040 _aLCO
_cLCO
_beng
041 _2eng
_aeng
082 _aX7295qN62, L0
100 _aMitra B.C.
_9245748
245 0 _aCustoms Act, 1962
250 _a1st
260 _aCalcutta
_bEastern Law House India
_c1970
300 _a335
500 _aAct LII of 1962
650 _aCUSTOMS
_9701754
942 _hX7295qN62, L0
_cTEXL
999 _c1191696
_d1191696